[Event "HUN Youth Ch U18 Boys Final"]
[Site "?"]
[Date "2013.06.22"]
[Round "2.5"]
[White "Hajas, Tamas"]
[Black "Tesik, Csaba"]
[Result "0-1"]
[WhiteElo "1960"]
[BlackElo "2351"]
[PlyCount "74"]
[EventDate "2013.??.??"]

1. e4 c5 2. Nf3 e6 3. d4 cxd4 4. Nxd4 a6 5. Bd3 Bc5 6. Nb3 Be7 7. c4 d6 8. O-O
Nf6 9. Nc3 b6 10. Qe2 Bb7 11. Bd2 Nbd7 12. f4 O-O 13. Rae1 Re8 14. Bb1 g6 15.
g4 Qc7 16. Nd4 e5 17. Nc2 Nc5 18. Nb4 Ne6 19. Nbd5 Bxd5 20. Nxd5 Nxd5 21. cxd5
Nxf4 22. Bxf4 exf4 23. Rc1 Qd7 24. Qf3 Bf6 25. b3 Bd4+ 26. Kg2 Be3 27. Rcd1
Rac8 28. h3 Rc3 29. Qe2 b5 30. Rd3 Rec8 31. Rfd1 Qe7 32. Rxc3 Rxc3 33. Qe1 f3+
34. Kh1 Qe5 35. Bd3 Rxd3 36. Rxd3 f2 37. Qf1 Qxe4+ 0-1

[Event "HUN Youth Ch U18 Boys Final"]
[Site "?"]
[Date "2013.06.23"]
[Round "3.1"]
[White "Tesik, Csaba"]
[Black "Markos, Adam"]
[Result "1-0"]
[WhiteElo "2351"]
[BlackElo "2073"]
[PlyCount "65"]
[EventDate "2013.??.??"]

1. e4 e6 2. d4 d5 3. Nd2 b6 4. exd5 exd5 5. Bd3 Bd6 6. Ne2 Bg4 7. Nf3 Bh5 8.
Ne5 Ne7 9. g4 Bg6 10. Nxg6 hxg6 11. Bf4 Nbc6 12. c3 Bxf4 13. Nxf4 Qd6 14. Qd2
Rh4 15. h3 O-O-O 16. O-O-O Rdh8 17. Rde1 Kb7 18. Qe3 Ng8 19. Ng2 R4h7 20. h4
Nf6 21. Qg5 Qd7 22. f3 Qd6 23. Nf4 Nd7 24. Bxg6 Nxd4 25. cxd4 fxg6 26. Re6 Qb4
27. Qxd5+ Kc8 28. Nxg6 Nf6 29. Ne7+ Qxe7 30. Qa8+ Kd7 31. Qc6+ Kd8 32. Rxe7
Kxe7 33. Qxc7+ 1-0

[Event "HUN Youth Ch U18 Boys Final"]
[Site "?"]
[Date "2013.06.23"]
[Round "3.2"]
[White "Bodi, Tibor"]
[Black "Hajas, Tamas"]
[Result "1/2-1/2"]
[WhiteElo "2043"]
[BlackElo "1960"]
[PlyCount "95"]
[EventDate "2013.??.??"]

1. e4 c6 2. d4 d5 3. exd5 cxd5 4. Bd3 Nc6 5. c3 Qc7 6. Ne2 Bg4 7. f3 Bd7 8. Qb3
Nf6 9. Na3 a6 10. Bf4 Qc8 11. O-O g6 12. Bg5 Bg7 13. Bxf6 Bxf6 14. Qxd5 O-O 15.
Qe4 Re8 16. f4 b5 17. Ng3 e6 18. Qf3 Qc7 19. Ne4 Bg7 20. Nc2 Ne7 21. Nc5 Bc6
22. Be4 a5 23. a3 Rac8 24. Nd3 Bd5 25. Bxd5 Nxd5 26. Nc5 Red8 27. Ne3 Nb6 28.
Qb7 Qd6 29. Ne4 Qc6 30. Qxc6 Rxc6 31. g4 Na4 32. Rf2 f5 33. Ng5 Nb6 34. Re1 b4
35. axb4 axb4 36. Nd1 bxc3 37. bxc3 Nd5 38. Rxe6 Rc4 39. gxf5 gxf5 40. Ne3 Rxc3
41. Nxf5 Nf6 42. Nxg7 Kxg7 43. Re7+ Kg6 44. Nf3 Nd5 45. Ne5+ Kf5 46. Rf7+ Ke4
47. Re2+ Ne3 48. h4 1/2-1/2

[Event "HUN Youth Ch U18 Boys Final"]
[Site "?"]
[Date "2013.06.23"]
[Round "3.3"]
[White "Nemeth, Gergely"]
[Black "Palla, Akos Botond"]
[Result "1-0"]
[WhiteElo "1987"]
[BlackElo "2049"]
[PlyCount "103"]
[EventDate "2013.??.??"]

1. e4 c5 2. Nf3 d6 3. d4 cxd4 4. Nxd4 Nf6 5. Nc3 g6 6. Be3 Bg7 7. f3 Nc6 8. Qd2
O-O 9. Bc4 Bd7 10. O-O-O Rc8 11. Bb3 Ne5 12. Kb1 Re8 13. g4 b5 14. g5 Nh5 15.
Ncxb5 Bxb5 16. Nxb5 a6 17. Nd4 Qc7 18. Qe2 Nc4 19. Bxc4 Qxc4 20. Qxc4 Rxc4 21.
Ne2 Rec8 22. c3 Rb8 23. Kc2 Ra4 24. a3 Ra5 25. Bd4 Rxg5 26. Rhg1 Rgb5 27. b4
Bh6 28. a4 R5b7 29. Rb1 Ng7 30. Kd3 Ne6 31. Be3 Bg7 32. Kc2 Be5 33. h3 Kf8 34.
Rb2 Nc5 35. a5 Nd7 36. Rgb1 Bg7 37. f4 Rb5 38. Rb3 Rh5 39. c4 Rxh3 40. b5 Nc5
41. Bxc5 Rxb3 42. Rxb3 dxc5 43. bxa6 Ra8 44. a7 Be5 45. fxe5 Rxa7 46. Rb5 Rc7
47. a6 Ra7 48. Ra5 h5 49. Kd2 g5 50. Nc3 Ke8 51. Nb5 Rd7+ 52. Ke3 1-0

[Event "HUN Youth Ch U18 Boys Final"]
[Site "?"]
[Date "2013.06.23"]
[Round "3.4"]
[White "Amstadt, Aron"]
[Black "Kemendi, Daniel"]
[Result "1-0"]
[WhiteElo "2346"]
[BlackElo "1800"]
[PlyCount "73"]
[EventDate "2013.??.??"]

1. e4 c6 2. d4 d5 3. exd5 cxd5 4. Bd3 Nf6 5. Nf3 Bg4 6. c3 Qc7 7. O-O e6 8.
Nbd2 Bd6 9. h3 Bh5 10. Re1 Nbd7 11. a4 O-O 12. Nf1 Bg6 13. Bxg6 hxg6 14. a5 a6
15. Qe2 Rfc8 16. Ne5 b6 17. axb6 Qxb6 18. Ng3 Qb5 19. Qe3 Nxe5 20. dxe5 Bc5 21.
Qf3 Nd7 22. h4 d4 23. h5 gxh5 24. Nxh5 dxc3 25. Qg3 g6 26. bxc3 Bf8 27. Bf4 Qc5
28. Rad1 Qxc3 29. Re3 Qb4 30. Rxd7 Qb1+ 31. Kh2 Rc1 32. Nf6+ Kg7 33. Qg5 Rh1+
34. Kg3 Bc5 35. Nh5+ Kf8 36. Qh6+ Ke8 37. Nf6# 1-0

[Event "HUN Youth Ch U18 Boys Final"]
[Site "Balatonlelle"]
[Date "2013.06.23"]
[Round "3.5"]
[White "Grimm, Daniel"]
[Black "Horvath, David"]
[Result "1/2-1/2"]
[WhiteElo "2275"]
[BlackElo "2371"]
[PlyCount "203"]
[EventDate "2013.??.??"]

1. e4 e5 2. Nf3 Nc6 3. Bc4 Nf6 4. d3 Bc5 5. c3 O-O 6. Nbd2 d6 7. O-O a6 8. Bb3
Be6 9. Nc4 Ba7 10. Bg5 h6 11. Bh4 g5 12. Nxg5 hxg5 13. Bxg5 Kg7 14. Qf3 Bxc4
15. dxc4 Rh8 16. Rad1 Rh6 17. Bxh6+ Kxh6 18. Rd3 Kg7 19. Qf5 Ne7 20. Rg3+ Ng6
21. h4 Qh8 22. Rf3 Qxh4 23. g3 Ne7 24. gxh4 Nxf5 25. Rxf5 Rh8 26. Kg2 Rxh4 27.
f4 Rxf4 28. R1xf4 exf4 29. Rxf4 Be3 30. Rf1 Bc5 31. Kf3 Nd7 32. Kf4 Kg6 33. Bd1
Ne5 34. Be2 Kf6 35. Rh1 Ng6+ 36. Kf3 Ne5+ 37. Kg3 Be3 38. Rh8 Ke7 39. Rb8 b6
40. c5 dxc5 41. Bxa6 Bc1 42. b3 Bb2 43. c4 Nc6 44. Ra8 Kf6 45. Bb7 Na5 46. Bc8
Nc6 47. Bf5 Be5+ 48. Kg4 Nd4 49. Rh8 Nc2 50. Rh6+ Kg7 51. Rh3 Kf6 52. Bd7 Nd4
53. Rh6+ Kg7 54. Rh5 Kf6 55. Be8 Bd6 56. e5+ Bxe5 57. Bxf7 Bd6 58. Bd5 Kg6 59.
Rh3 Kf6 60. Rh6+ Ke5 61. Rh5+ Kf6 62. Rh3 Nc2 63. Kf3 Nb4 64. a3 Nxd5 65. cxd5
Ke5 66. Rh5+ Kd4 67. Ke2 Be5 68. a4 Bd6 69. Kd2 Bf4+ 70. Kc2 Be5 71. Rh4+ Kxd5
72. Kd3 Bg3 73. Rh5+ Kc6 74. Kc4 Be1 75. Re5 Bd2 76. Re6+ Kb7 77. Kd5 Bc3 78.
Rh6 Bd2 79. Rh7 Bc3 80. Rh3 Bd2 81. Kc4 Kc6 82. Rd3 Be1 83. Rd1 Bb4 84. Rh1 Bd2
85. Rh2 Be1 86. Re2 Bb4 87. Re6+ Kb7 88. Kb5 Bc3 89. Re4 Bd2 90. Rg4 Bc3 91.
Kc4 Bd2 92. Kd5 Bc3 93. Rg3 Bd2 94. Rg7 Bc3 95. Rh7 Bd2 96. Ke6 Kc6 97. Ke5 Kb7
98. Ke6 Kc6 99. Ke5 Kb7 100. Ke6 Kc6 101. Ke5 Kb7 102. Ke4 1/2-1/2

[Event "HUN Youth Ch U18 Boys Final"]
[Site "?"]
[Date "2013.06.24"]
[Round "4.1"]
[White "Markos, Adam"]
[Black "Horvath, David"]
[Result "0-1"]
[WhiteElo "2073"]
[BlackElo "2371"]
[PlyCount "46"]
[EventDate "2013.??.??"]

1. e4 g6 2. d4 Bg7 3. g3 d5 4. e5 c5 5. c3 Nc6 6. dxc5 Nxe5 7. Nf3 Nxf3+ 8.
Qxf3 Nf6 9. Bg2 O-O 10. O-O Qc7 11. Be3 Bg4 12. Qf4 e5 13. Qa4 Be6 14. h3 Ne4
15. Kh2 Nxc5 16. Qb5 b6 17. c4 d4 18. Bxa8 Rxa8 19. Bc1 a5 20. Nc3 dxc3 21.
bxc3 Bd7 22. Qb2 Nd3 23. Qe2 Qxc4 0-1

[Event "HUN Youth Ch U18 Boys Final"]
[Site "?"]
[Date "2013.06.24"]
[Round "4.2"]
[White "Kemendi, Daniel"]
[Black "Grimm, Daniel"]
[Result "0-1"]
[WhiteElo "1800"]
[BlackElo "2275"]
[PlyCount "128"]
[EventDate "2013.??.??"]

1. c4 c6 2. g3 d5 3. cxd5 cxd5 4. d4 Nf6 5. Bg2 Nc6 6. Nc3 Bf5 7. a3 e6 8. Nf3
h6 9. Qb3 a6 10. Bf4 Na5 11. Qa4+ b5 12. Qd1 Rc8 13. Ne5 Be7 14. O-O O-O 15.
Bd2 Bh7 16. Rc1 Qb6 17. Na2 Qxd4 18. Bxa5 Qxe5 19. Bc3 Qb8 20. Bb4 Rxc1 21.
Qxc1 Rc8 22. Qe3 Bxb4 23. Nxb4 a5 24. Nd3 Bxd3 25. Qxd3 Qb6 26. b4 axb4 27.
axb4 Rc4 28. Rb1 Qc6 29. e3 Rc3 30. Qd4 Rc1+ 31. Rxc1 Qxc1+ 32. Bf1 Ne4 33. Qb6
Qe1 34. Qb8+ Kh7 35. Qxb5 Qxf2+ 36. Kh1 Qf3+ 37. Kg1 Qxe3+ 38. Kg2 Qf2+ 39. Kh1
f5 40. Qe2 Qb6 41. b5 Kg6 42. g4 Nf2+ 43. Kg2 Nxg4 44. h3 Ne3+ 45. Kf3 Nc4 46.
Qg2+ Kf6 47. Bxc4 dxc4 48. Qb2+ e5 49. Qb4 e4+ 50. Ke2 Ke5 51. Qxc4 f4 52. Qc3+
Ke6 53. Qc4+ Kf6 54. Qc3+ Kf5 55. Qc8+ Ke5 56. Qc3+ Kd5 57. Qb3+ Kd6 58. Qa3+
Qc5 59. Qa6+ Ke5 60. b6 f3+ 61. Kf1 Qc1+ 62. Kf2 Qd2+ 63. Kg3 Qg2+ 64. Kh4 Qg5#
0-1

[Event "HUN Youth Ch U18 Boys Final"]
[Site "?"]
[Date "2013.06.24"]
[Round "4.3"]
[White "Palla, Akos Botond"]
[Black "Amstadt, Aron"]
[Result "0-1"]
[WhiteElo "2049"]
[BlackElo "2346"]
[PlyCount "92"]
[EventDate "2013.??.??"]

1. e4 g6 2. d4 d6 3. f4 Bg7 4. Nf3 a6 5. Nc3 b5 6. a3 Bb7 7. Bd3 Nd7 8. O-O c5
9. Be3 Ngf6 10. d5 Ng4 11. Qd2 Qb6 12. Kh1 Nxe3 13. Qxe3 c4 14. Qxb6 Nxb6 15.
Be2 O-O 16. Rad1 Bxc3 17. bxc3 Na4 18. Rd4 Nxc3 19. Re1 f5 20. exf5 Rxf5 21.
Ng5 Raf8 22. Bf3 Bxd5 23. Rxe7 Rxf4 24. Rxd5 Rxf3 25. gxf3 Nxd5 26. Re6 Rd8 27.
Kg1 b4 28. axb4 Nxb4 29. c3 Na2 30. Ne4 d5 31. Rxa6 dxe4 32. Rxa2 e3 33. Kf1
Rd3 34. Ke2 Rxc3 35. Ra7 Rc2+ 36. Kxe3 Rxh2 37. Rc7 Rh4 38. f4 c3 39. Kf3 Rh3+
40. Ke4 h5 41. Ke5 h4 42. Kf6 Rg3 43. Rg7+ Kh8 44. Rc7 h3 45. Rc4 Kg8 46. Rc8+
Kh7 0-1

[Event "HUN Youth Ch U18 Boys Final"]
[Site "?"]
[Date "2013.06.24"]
[Round "4.4"]
[White "Hajas, Tamas"]
[Black "Nemeth, Gergely"]
[Result "0-1"]
[WhiteElo "1960"]
[BlackElo "1987"]
[PlyCount "78"]
[EventDate "2013.??.??"]

1. e4 e6 2. d4 d5 3. Nc3 Nf6 4. Bg5 Be7 5. e5 Nfd7 6. Bxe7 Qxe7 7. f4 a6 8. Nf3
c5 9. dxc5 Nc6 10. Qd2 Nxc5 11. Bd3 b5 12. Ne2 O-O 13. Ned4 Nxd4 14. Nxd4 Bd7
15. O-O Rfe8 16. Rae1 Na4 17. b3 Qc5 18. Kh1 Nc3 19. Re3 b4 20. f5 Qxd4 21. f6
Kf8 22. fxg7+ Ke7 23. Rxf7+ Kxf7 24. Bg6+ hxg6 25. Qxd4 Kxg7 26. Qc5 Rf8 27.
Rf3 Rxf3 28. gxf3 Rf8 29. Qxb4 Ne2 30. Qd2 Nf4 31. a4 Bc6 32. h4 d4 33. Qxd4
Bxf3+ 34. Kh2 g5 35. Qa7+ Rf7 36. Qxa6 g4 37. h5 Ne2 38. Qxe6 g3+ 39. Kh3 Nf4+
0-1

[Event "HUN Youth Ch U18 Boys Final"]
[Site "?"]
[Date "2013.06.24"]
[Round "4.5"]
[White "Tesik, Csaba"]
[Black "Bodi, Tibor"]
[Result "1/2-1/2"]
[WhiteElo "2351"]
[BlackElo "2043"]
[PlyCount "90"]
[EventDate "2013.??.??"]

1. e4 Nf6 2. e5 Nd5 3. d4 d6 4. Nf3 Nb6 5. a4 a5 6. Bb5+ c6 7. Bd3 g6 8. exd6
Qxd6 9. O-O Bg7 10. c3 O-O 11. Bg5 Bg4 12. Nbd2 Re8 13. Nc4 Nxc4 14. Bxc4 h6
15. Qb3 e6 16. Ne5 Nd7 17. Nxd7 Qxd7 18. Bf4 Bf5 19. Rfe1 g5 20. Be5 Rac8 21.
Qb6 Bxe5 22. Rxe5 Ra8 23. Rxa5 Rxa5 24. Qxa5 Bg6 25. Qe5 Ra8 26. a5 b5 27. Be2
Qd5 28. Bf3 Qb3 29. a6 Qxb2 30. Qe1 b4 31. cxb4 Bd3 32. a7 Qxd4 33. Qd1 Qc3 34.
Rc1 Qa3 35. Ra1 Qc3 36. Rc1 Qa3 37. Bxc6 Rxa7 38. b5 Qb2 39. h3 Ra2 40. Qe1 Ra3
41. h4 gxh4 42. Qe3 Bxb5 43. Qxh6 Ra1 44. Qg5+ Kh8 45. Qxh4+ Kg7 1/2-1/2

[Event "HUN Youth Ch U18 Boys Final"]
[Site "?"]
[Date "2013.06.25"]
[Round "5.1"]
[White "Bodi, Tibor"]
[Black "Markos, Adam"]
[Result "1/2-1/2"]
[WhiteElo "2043"]
[BlackElo "2073"]
[PlyCount "101"]
[EventDate "2013.??.??"]

1. f4 d5 2. Nf3 Nf6 3. g3 c5 4. Bg2 g6 5. O-O Bg7 6. d3 O-O 7. Qe1 d4 8. c4 Ng4
9. h3 Ne3 10. Bxe3 dxe3 11. Nc3 Nc6 12. Qc1 Nd4 13. Qxe3 Nc2 14. Qxc5 Nxa1 15.
Rxa1 b6 16. Qd5 Rb8 17. Qxd8 Rxd8 18. Nd5 Kf8 19. Ne5 Bb7 20. Nb4 Bxe5 21. fxe5
b5 22. c5 Bxg2 23. Kxg2 Rbc8 24. d4 Rxd4 25. Nd3 a5 26. a3 Ra4 27. b3 Rd4 28.
b4 Rc4 29. Rb1 a4 30. Kf2 Rd8 31. Ke3 Rc3 32. Ra1 Rc2 33. Ne1 Rc3+ 34. Nd3 Rb3
35. Ke4 Ke8 36. e6 fxe6 37. Ke5 Kd7 38. g4 Kc7 39. Kxe6 Rd4 40. Ra2 Re4+ 41.
Kf7 Re3 42. h4 Rh3 43. Rd2 Rxa3 44. Ne5 Rae3 45. Rd7+ Kc8 46. Rxe7 Rxe5 47.
Rxe5 Rb3 48. Re8+ Kd7 49. Re7+ Kc6 50. Re6+ Kc7 51. Re7+ 1/2-1/2

[Event "HUN Youth Ch U18 Boys Final"]
[Site "?"]
[Date "2013.06.25"]
[Round "5.2"]
[White "Nemeth, Gergely"]
[Black "Tesik, Csaba"]
[Result "0-1"]
[WhiteElo "1987"]
[BlackElo "2351"]
[PlyCount "65"]
[EventDate "2013.??.??"]

1. e4 c6 2. Nc3 d5 3. Nf3 Bg4 4. h3 Bxf3 5. Qxf3 Nf6 6. exd5 cxd5 7. Be2 Nc6 8.
O-O e6 9. Qg3 a6 10. d3 Nd4 11. Bd1 Nf5 12. Qf3 Bd6 13. Ne2 O-O 14. d4 Qc7 15.
c3 Nh4 16. Qd3 Ne4 17. Bc2 b5 18. f3 Nf6 19. Bg5 Ng6 20. h4 Rfe8 21. Bxf6 gxf6
22. h5 Nf8 23. f4 Qc4 24. Qg3+ Kh8 25. Bd3 Qc7 26. Qh3 Nd7 27. Rae1 f5 28. Ng3
Nf6 29. Nxf5 exf5 30. Qxf5 Be7 31. Re3 Qd6 32. Rfe1 Bf8 33. Rxe8 0-1

[Event "HUN Youth Ch U18 Boys Final"]
[Site "?"]
[Date "2013.06.25"]
[Round "5.3"]
[White "Amstadt, Aron"]
[Black "Hajas, Tamas"]
[Result "1-0"]
[WhiteElo "2346"]
[BlackElo "1960"]
[PlyCount "53"]
[EventDate "2013.??.??"]

1. d4 d5 2. c4 c6 3. Nf3 Nf6 4. e3 e6 5. Nbd2 c5 6. dxc5 Bxc5 7. a3 a5 8. Bd3
Nc6 9. Qc2 Qc7 10. cxd5 exd5 11. O-O O-O 12. b3 Bd6 13. Bb2 Ne5 14. Nxe5 Bxe5
15. Bxe5 Qxe5 16. Nf3 Qe7 17. Rfc1 Bd7 18. Qc5 Qe6 19. Nd4 Qg4 20. Qb6 h5 21.
Rc7 Bc8 22. Rac1 h4 23. h3 Qh5 24. a4 Ne4 25. Bxe4 dxe4 26. R7c5 f5 27. Rxc8
1-0

[Event "HUN Youth Ch U18 Boys Final"]
[Site "?"]
[Date "2013.06.25"]
[Round "5.4"]
[White "Grimm, Daniel"]
[Black "Palla, Akos Botond"]
[Result "0-1"]
[WhiteElo "2275"]
[BlackElo "2049"]
[PlyCount "82"]
[EventDate "2013.??.??"]

1. e4 c5 2. Nf3 d6 3. d4 cxd4 4. Nxd4 Nf6 5. Nc3 a6 6. Be3 Ng4 7. Bg5 h6 8. Bh4
Nc6 9. Nb3 g5 10. Bg3 Bg7 11. h3 Nge5 12. Qd2 Ng6 13. O-O-O Be6 14. Kb1 b5 15.
Nd5 Rb8 16. f3 O-O 17. Bf2 a5 18. h4 a4 19. Nc1 gxh4 20. Be3 Kh7 21. Nf4 Qa5
22. Nxg6 fxg6 23. Rxh4 Qxd2 24. Bxd2 Ne5 25. Ne2 Nc4 26. Bc1 Bf7 27. g4 b4 28.
Bxh6 Bxh6 29. g5 Ne3 30. Rxh6+ Kg7 31. Re1 Bc4 32. Ng3 Rxf3 33. Bxc4 Nxc4 34.
Reh1 Kf7 35. Ne2 Rf8 36. Nd4 Rf4 37. a3 bxa3 38. bxa3 Rxe4 39. c3 Ke8 40. Kc2
Kd7 41. R1h2 Rb8 0-1

[Event "HUN Youth Ch U18 Boys Final"]
[Site "?"]
[Date "2013.06.25"]
[Round "5.5"]
[White "Horvath, David"]
[Black "Kemendi, Daniel"]
[Result "1-0"]
[WhiteElo "2371"]
[BlackElo "1800"]
[PlyCount "49"]
[EventDate "2013.??.??"]

1. Nf3 g6 2. c4 c5 3. g3 Bg7 4. Bg2 Nc6 5. O-O Nf6 6. Nc3 O-O 7. d4 cxd4 8.
Nxd4 Nxd4 9. Qxd4 d6 10. Qd3 Rb8 11. Bd2 b6 12. Rac1 Bb7 13. e4 a6 14. a4 Nd7
15. b3 Rc8 16. a5 Nc5 17. Qb1 f5 18. exf5 Bxg2 19. Kxg2 Rxf5 20. Be3 Qd7 21. f4
Qb7+ 22. Kf2 Rcf8 23. b4 Ne6 24. Nd5 Bd4 25. Qe4 1-0

[Event "HUN Youth Ch U18 Boys Final"]
[Site "?"]
[Date "2013.06.26"]
[Round "6.1"]
[White "Markos, Adam"]
[Black "Kemendi, Daniel"]
[Result "0-1"]
[WhiteElo "2073"]
[BlackElo "1800"]
[PlyCount "56"]
[EventDate "2013.??.??"]

1. e4 c6 2. d4 d5 3. Nc3 dxe4 4. Nxe4 Bf5 5. Ng3 Bg6 6. Nh3 e6 7. Nf4 Bd6 8.
Nxg6 hxg6 9. Qf3 Bxg3 10. Qxg3 Qxd4 11. Bd2 Qe4+ 12. Be2 Nd7 13. Qc7 Ngf6 14.
Qxb7 O-O 15. Qb3 Rab8 16. Qa3 Qxc2 17. Bc3 Nd5 18. Rd1 Nf4 19. Bd2 Rxb2 20.
Qxb2 Nxg2+ 21. Kf1 Qxb2 22. Kxg2 Nf6 23. Bf3 Nd5 24. Bxd5 cxd5 25. Be3 a6 26.
Rd2 Qb4 27. Rc1 Qe4+ 28. Kg1 e5 0-1

[Event "HUN Youth Ch U18 Boys Final"]
[Site "?"]
[Date "2013.06.26"]
[Round "6.2"]
[White "Palla, Akos Botond"]
[Black "Horvath, David"]
[Result "1-0"]
[WhiteElo "2049"]
[BlackElo "2371"]
[PlyCount "72"]
[EventDate "2013.??.??"]

1. e4 e5 2. Nf3 Nc6 3. Bb5 f5 4. d3 fxe4 5. dxe4 Nf6 6. O-O Bc5 7. Bxc6 bxc6 8.
Nxe5 O-O 9. Nc3 d6 10. Nd3 Bd4 11. Ne2 Bb6 12. Ng3 Qe7 13. Bg5 h6 14. Bxf6 Qxf6
15. Qd2 Ba6 16. Rab1 Rae8 17. a4 d5 18. exd5 cxd5 19. a5 Bd4 20. Nh1 Qf5 21.
Rfd1 Bxd3 22. cxd3 c5 23. Rf1 Rb8 24. Qc2 c4 25. Rfd1 Rb3 26. Rd2 c3 27. bxc3
Rxb1+ 28. Qxb1 Bxc3 29. Ng3 Qf7 30. Ra2 d4 31. Ne4 a6 32. h3 Kh8 33. Nxc3 dxc3
34. Rc2 Qf6 35. Qb3 Qe5 36. Qxc3 Rb8 1-0

[Event "HUN Youth Ch U18 Boys Final"]
[Site "?"]
[Date "2013.06.26"]
[Round "6.3"]
[White "Hajas, Tamas"]
[Black "Grimm, Daniel"]
[Result "0-1"]
[WhiteElo "1960"]
[BlackElo "2275"]
[PlyCount "50"]
[EventDate "2013.??.??"]

1. e4 d6 2. d4 Nf6 3. Nc3 Nbd7 4. Be3 e5 5. f3 Be7 6. Qd2 c6 7. O-O-O b5 8. g4
Nb6 9. b3 Qc7 10. Nge2 b4 11. Nb1 a5 12. Ng3 g6 13. c4 bxc3 14. Qxc3 a4 15. b4
Be6 16. a3 Bb3 17. Re1 h5 18. gxh5 Nxh5 19. Nxh5 Rxh5 20. Nd2 exd4 21. Bxd4 c5
22. Kb2 Be6 23. Rc1 Qd8 24. Bg7 f6 25. Nc4 Kf7 0-1

[Event "HUN Youth Ch U18 Boys Final"]
[Site "?"]
[Date "2013.06.26"]
[Round "6.4"]
[White "Tesik, Csaba"]
[Black "Amstadt, Aron"]
[Result "1-0"]
[WhiteElo "2351"]
[BlackElo "2346"]
[PlyCount "53"]
[EventDate "2013.??.??"]

1. e4 c5 2. Nf3 e6 3. d4 cxd4 4. Nxd4 a6 5. Nc3 b5 6. Bd3 Bb7 7. O-O Qc7 8. Qe2
Nc6 9. Nxc6 dxc6 10. a4 Nf6 11. e5 Nd7 12. Bf4 Be7 13. Ne4 O-O 14. Qg4 Nxe5 15.
Qg3 f6 16. Qh3 Qc8 17. Nxf6+ Bxf6 18. Qxh7+ Kf7 19. Qh5+ Ke7 20. Bxe5 c5 21.
Rfe1 Rh8 22. Qg4 Qg8 23. axb5 Rh4 24. Qg3 c4 25. Bf5 Rh5 26. Bxf6+ gxf6 27.
Rxe6+ 1-0

[Event "HUN Youth Ch U18 Boys Final"]
[Site "?"]
[Date "2013.06.26"]
[Round "6.5"]
[White "Bodi, Tibor"]
[Black "Nemeth, Gergely"]
[Result "1/2-1/2"]
[WhiteElo "2043"]
[BlackElo "1987"]
[PlyCount "102"]
[EventDate "2013.??.??"]

1. c4 Nf6 2. Nc3 d6 3. g3 e5 4. Bg2 Be7 5. Nf3 O-O 6. d4 Nbd7 7. O-O c6 8. d5
c5 9. e4 Ne8 10. Ne1 a6 11. Nd3 Bf6 12. a3 g6 13. Bh6 Bg7 14. Bxg7 Nxg7 15. f4
Qe7 16. f5 gxf5 17. exf5 f6 18. Be4 Nb6 19. b3 Bd7 20. g4 Ne8 21. Qe2 Qg7 22.
Rf2 Kf7 23. Rb1 Nc8 24. b4 b6 25. bxc5 bxc5 26. Rg2 Qh6 27. Qd2 Qxd2 28. Rxd2
Ra7 29. Bf3 h5 30. h3 hxg4 31. hxg4 Rg8 32. Kf2 Rh8 33. Ne4 Ke7 34. Rdb2 Kd8
35. Rb7 Rxb7 36. Rxb7 Rh7 37. g5 Bxf5 38. Rxh7 Bxh7 39. gxf6 Nxf6 40. Ndxc5
Nxe4+ 41. Bxe4 Bxe4 42. Nxe4 Kc7 43. c5 a5 44. c6 Nb6 45. Nc3 Nc4 46. a4 Kb6
47. Ke2 Kc5 48. Kd3 Nb6 49. Ke4 Nc8 50. c7 Kb4 51. Nb5 Kc5 1/2-1/2

[Event "HUN Youth Ch U18 Boys Final"]
[Site "?"]
[Date "2013.06.27"]
[Round "7.1"]
[White "Nemeth, Gergely"]
[Black "Markos, Adam"]
[Result "1-0"]
[WhiteElo "1987"]
[BlackElo "2073"]
[PlyCount "119"]
[EventDate "2013.??.??"]

1. e4 d6 2. d4 Nf6 3. Bd3 e5 4. d5 g6 5. c4 Bg7 6. Nc3 O-O 7. Nf3 Nbd7 8. O-O
Nh5 9. Be3 Nf4 10. Bc2 Nf6 11. b4 Ng4 12. c5 f5 13. Rc1 h5 14. cxd6 cxd6 15.
exf5 gxf5 16. Bxf4 exf4 17. Ne2 Bb2 18. Rb1 Be5 19. Qd2 Nf6 20. Nxf4 Ne4 21.
Bxe4 Bxf4 22. Qxf4 fxe4 23. Qg5+ Qxg5 24. Nxg5 Bf5 25. Rbc1 Rac8 26. h4 Rfe8
27. Rfe1 Rxc1 28. Rxc1 Re7 29. Rc3 Kg7 30. Nh3 Bxh3 31. Rxh3 Re5 32. Rc3 Re7
33. Rg3+ Kf6 34. Rg5 Rc7 35. Rxh5 Rc4 36. a3 Rc3 37. Rh7 Rxa3 38. Rxb7 Rb3 39.
h5 Kg5 40. Rxa7 Rxb4 41. Ra6 Kxh5 42. Rxd6 Kg4 43. Rd7 Rb1+ 44. Kh2 Rb2 45. Re7
Kf4 46. d6 Rd2 47. d7 Rd6 48. g3+ Kf5 49. Kg2 Rd2 50. Kf1 Rd4 51. Ke2 Rd6 52.
Rf7+ Ke6 53. Rf4 Ke5 54. Rf7 Ke6 55. Rf8 Rxd7 56. Ke3 Ke5 57. Re8+ Kf5 58. Rxe4
Ra7 59. Kf3 Ra3+ 60. Re3 1-0

[Event "HUN Youth Ch U18 Boys Final"]
[Site "?"]
[Date "2013.06.27"]
[Round "7.2"]
[White "Amstadt, Aron"]
[Black "Bodi, Tibor"]
[Result "1-0"]
[WhiteElo "2346"]
[BlackElo "2043"]
[PlyCount "49"]
[EventDate "2013.??.??"]

1. Nf3 Nf6 2. d4 g6 3. g3 Bg7 4. Bg2 O-O 5. O-O d5 6. c4 c6 7. Nc3 dxc4 8. Ne5
Nd5 9. Nxc4 Be6 10. Ne5 Nxc3 11. bxc3 Qa5 12. Nd3 Qxc3 13. Bb2 Qa5 14. Nc5 Bd5
15. e4 Bc4 16. Re1 Na6 17. Qc2 Nxc5 18. Qxc4 Nd7 19. a4 c5 20. e5 cxd4 21. e6
Ne5 22. exf7+ Kh8 23. Qxd4 Nf3+ 24. Bxf3 Rxf7 25. Qd5 1-0

[Event "HUN Youth Ch U18 Boys Final"]
[Site "?"]
[Date "2013.06.27"]
[Round "7.3"]
[White "Grimm, Daniel"]
[Black "Tesik, Csaba"]
[Result "0-1"]
[WhiteElo "2275"]
[BlackElo "2351"]
[PlyCount "46"]
[EventDate "2013.??.??"]

1. e4 c5 2. Nf3 e6 3. d4 cxd4 4. Nxd4 a6 5. Bd3 Bc5 6. Nb3 Be7 7. Be3 Nf6 8.
Nc3 d6 9. f4 e5 10. f5 b5 11. a4 b4 12. Nd5 Nxd5 13. exd5 Bb7 14. Qg4 O-O 15.
O-O Nd7 16. Qxb4 Bxd5 17. c4 Rb8 18. Qc3 Ba8 19. Nd2 Nf6 20. Be2 Re8 21. Bf3 d5
22. cxd5 Nxd5 23. Bxd5 Qxd5 0-1

[Event "HUN Youth Ch U18 Boys Final"]
[Site "?"]
[Date "2013.06.27"]
[Round "7.4"]
[White "Horvath, David"]
[Black "Hajas, Tamas"]
[Result "1-0"]
[WhiteElo "2371"]
[BlackElo "1960"]
[PlyCount "89"]
[EventDate "2013.??.??"]

1. c4 c6 2. Nf3 Nf6 3. g3 d5 4. Bg2 Bf5 5. b3 e6 6. O-O Nbd7 7. Bb2 Be7 8. d3
h6 9. Nc3 O-O 10. Rc1 Rc8 11. Qd2 Bh7 12. Rfd1 Qb6 13. h3 Bb4 14. Qc2 Rfd8 15.
Na4 Qa6 16. cxd5 exd5 17. a3 Bf8 18. Nc3 Nc5 19. Nd4 Re8 20. b4 Ne6 21. Nxe6
Rxe6 22. Nxd5 Nxd5 23. Bxd5 Rd6 24. Bf3 Rcd8 25. Kg2 Qb6 26. Rb1 R6d7 27. Bc3
Qc7 28. Bd2 Qd6 29. Be3 a6 30. a4 Qe6 31. Qb3 Qf6 32. Rdc1 Bf5 33. b5 cxb5 34.
axb5 a5 35. b6 Bb4 36. Rc7 Be6 37. Qc2 Bd5 38. Bxd5 Rxd5 39. Rxb7 Re8 40. Qc4
Rf5 41. g4 Rfe5 42. Bd4 Bc5 43. Qxc5 Rxc5 44. Bxf6 gxf6 45. Rc7 1-0

[Event "HUN Youth Ch U18 Boys Final"]
[Site "?"]
[Date "2013.06.27"]
[Round "7.5"]
[White "Kemendi, Daniel"]
[Black "Palla, Akos Botond"]
[Result "0-1"]
[WhiteElo "1800"]
[BlackElo "2049"]
[PlyCount "86"]
[EventDate "2013.??.??"]

1. c4 c6 2. Nc3 Nf6 3. g3 d5 4. cxd5 cxd5 5. d4 Nc6 6. Bg2 e6 7. Nf3 Bd6 8. O-O
O-O 9. Nb5 Bb8 10. b3 Ne4 11. Nd2 Qb6 12. Nxe4 Qxb5 13. Ng5 f6 14. Nf3 Bd6 15.
Bb2 a5 16. a4 Qa6 17. Ne1 Nb4 18. Nc2 b5 19. Nxb4 Bxb4 20. Ba3 Bxa3 21. Rxa3
bxa4 22. Rxa4 Bd7 23. Ra3 Qb5 24. e3 Qb4 25. Qa1 Rfc8 26. Rc1 Rxc1+ 27. Qxc1
Rc8 28. Qa1 Qd2 29. Ra2 Rc1+ 30. Bf1 Qe1 31. Qxc1 Qxc1 32. Rxa5 e5 33. Ra8+ Kf7
34. Ra7 Ke6 35. Ra6+ Ke7 36. Ra7 Kd6 37. Ra6+ Kc7 38. Ra4 Qd1 39. Kg2 Bh3+ 40.
Kxh3 Qxf1+ 41. Kh4 g5+ 42. Kg4 Qxf2 43. Ra5 h5+ 0-1

[Event "HUN Youth Ch U18 Boys Final"]
[Site "?"]
[Date "2013.06.28"]
[Round "8.1"]
[White "Markos, Adam"]
[Black "Palla, Akos Botond"]
[Result "1/2-1/2"]
[WhiteElo "2073"]
[BlackElo "2049"]
[PlyCount "57"]
[EventDate "2013.??.??"]

1. d4 d5 2. c4 e6 3. Nc3 Nf6 4. Bg5 c6 5. e3 Nbd7 6. Nf3 Qa5 7. Nd2 Bb4 8. Qc2
O-O 9. Be2 Ne4 10. Ndxe4 dxe4 11. Bf4 e5 12. dxe5 Nxe5 13. O-O Bxc3 14. bxc3
Bf5 15. Qb3 Rfe8 16. Qb4 Qxb4 17. cxb4 Rad8 18. Bxe5 Rxe5 19. Rfd1 Ree8 20. Kf1
Kf8 21. Ke1 b6 22. Rxd8 Rxd8 23. Rd1 Rxd1+ 24. Kxd1 c5 25. a3 Ke7 26. Kd2 Kd6
27. Bd1 Bd7 28. Kc3 Ke5 29. Bc2 1/2-1/2